01038nam a2200217 a 450000100100000000500170001000800410002704000250006808200180009310000330011124500660014426000610021030000200027150001090029159000270040065100420042791000370046995201750050695201220068199900170080300003264120200930065742.0110725s1945 dr r 000 0 spa d aDO-SdBNPbspacBNPHU a972.93bL791d1 aLlaverías, Federico91015713aEl día del benefactor de la patria /cFederico Llaverías. aSantiago, República Dominicana :bEl diario,c[1945?]. a15 p. ;c24 cm. aDiscurso pronunciado por el Lic. Federico Llaverías, en el acto celebrado el día 14 de enero de 1945 aInventariado, 2018/ YL 4aRepública DominicanaxHistoria9170 aValidado. Control de calidad MFF 001050718RVaPDbPDcHDd2011-07-25iLF1l0o972.93 L791dp32641-10r2020-06-25w2020-06-25y1zPerteneció a la biblioteca personal de Martínez Boog.ZNo se presta 001050718RVaPDbPDcHDd2011-07-27iLF1l0o972.93 L791dp32641-20r2020-06-25te. 2w2020-06-25y1ZNo se presta c32132d32132